Monetary policy in transition <the> case of Mongolia

Salvato in:
Dettagli Bibliografici
Autore principale: Slok, Torsten
Natura: Libro
Lingua:inglese
Pubblicazione: Washington International Monetary Fund 2000
Serie:IMF Working Paper WP/00/21
Soggetti:
Tags: Aggiungi Tag
Nessun Tag, puoi essere il primo ad aggiungerne!!

MARC

LEADER 00000nam a2200000 4500
001 c124140
005 20221221083011.4
041 0 |a eng 
044 |a US 
245 1 0 |a Monetary policy in transition  |b <the> case of Mongolia  |c Torsten Slok 
264 1 |a Washington  |b International Monetary Fund  |c 2000 
300 |a 19 s. 
490 1 |a IMF Working Paper  |v WP/00/21 
830 0 |a IMF Working Paper  |v WP/00/21 
610 2 0 |a politika peňažná 
610 2 0 |a transformácia 
610 2 0 |a Mongolsko 
100 1 |a Slok, Torsten